|
|
|
|
| LEADER |
01033nas a22002412a 4500 |
| 001 |
000488187 |
| 003 |
CZ BrMZK |
| 005 |
20110505121204.0 |
| 007 |
ta |
| 008 |
000105d19611967xr u p 0 0cze d |
| 040 |
|
|
|a BOA001
|b cze
|
| 245 |
0 |
0 |
|a Operativní informace :
|b rudné hornictví a úpravnictví
|
| 260 |
|
|
|a Praha :
|b Ústav pro výzkum rud,
|c [1961]-1967
|
| 300 |
|
|
|a ^^^sv. ;
|c 22 cm
|
| 310 |
|
|
|a 6× ročně
|
| 500 |
|
|
|a Popsáno dle roč. 5 (1965)
|
| 785 |
0 |
0 |
|t Technický zpravodaj. Ústav pro výzkum rud
|
| 710 |
2 |
|
|a Ústav pro výzkum rud
|7 kn20050331014
|
| 910 |
|
|
|a BOA001
|b 05615-1074.762
|r 1965-67
|s 5-7
|
| 990 |
|
|
|a SE
|
| 996 |
6 |
|
|b 2610117768
|c 05615-1074.762
|d 1965 5 1-6
|v 5
|y 1965
|l MZK
|r DEP / do 15 dnů
|n 0
|p dar
|w 000488187
|u 000010
|a 240
|e BOA001
|j MZK50
|s P
|
| 996 |
6 |
|
|b 2610117769
|c 05615-1074.762
|d 1966 6 1-6
|v 6
|y 1966
|l MZK
|r DEP / do 15 dnů
|n 0
|p dar
|w 000488187
|u 000020
|a 240
|e BOA001
|j MZK50
|s P
|
| 996 |
6 |
|
|b 2610117770
|c 05615-1074.762
|d 1967 7 1-6
|v 7
|y 1967
|l MZK
|r DEP / do 15 dnů
|n 0
|p dar
|w 000488187
|u 000030
|a 240
|e BOA001
|j MZK50
|s P
|